Statistiques concernant Les cinq pays ayant le plus fort IDH par continent

Cliquez ici pour prendre le quiz!

Statistiques générales

  • Ce quiz a été pris 1,949 fois
    (1,905 depuis la dernière actualisation)
  • Le résultat moyen est 18 sur 30

Statistiques - réponses

continent indice pays % Correct
Amérique du Nord0.924Etats-Unis
95%
Amérique du Nord0.926Canada
94%
Océanie0.939Australie
89%
Amérique du sud0.759Brésil
88%
Amérique du sud0.825Argentine
86%
Asie0.909Japon
86%
Océanie0.917Nouvelle-Zélande
85%
Europe0.953Norvège
83%
Europe0.944Suisse
79%
Amérique du sud0.843Chili
77%
Europe0.956Monaco
72%
Asie0.903Corée du Sud
72%
Afrique0.754Algérie
69%
Amérique du sud0.804Uruguay
69%
Afrique0.735Tunisie
66%
Asie0.932Singapour
62%
Amérique du sud0.761Venezuela
55%
Océanie0.741Fidji
55%
Asie0.885Taïwan
52%
Europe0.961Saint-Marin
51%
Amérique du Nord0.807Bahamas
45%
Europe0.938Irlande
41%
Océanie0.726Tonga
40%
Amérique du Nord0.794Costa Rica
39%
Océanie0.798Palaos
29%
Afrique0.797Seychelles
27%
Afrique0.790Île Maurice
25%
Asie0.903Israël
24%
Amérique du Nord0.800Barbade
23%
Afrique0.717Botswana
14%

Distribution des résultats

Percentile by Number Answered

% des personnes avec chaque résultat

Votre développement - résultats

Vous n’avez pas pris ce quiz depuis la dernière actualisation